000 00910nam a2200277 a 4500
008
020 _a9780128092644 (paperback)
040 _aNUST
_cNUST
049 _aMAIN
090 _aTC169
_bDAN
100 1 _aDaniel, Ryszard.,
_aauthor.
245 1 0 _aLock gates and other closures in hydraulic projects/
_c Ryszard Daniel & Tim Paulus.
260 _aOxford :
_bButterworth-Heinemann,
_c2019.
300 _axvi, 977 pages :
_billustrations ;
_c28 cm.
336 _atext
_btxt
_2rdacontent
337 _aunmediated
_bn
_2rdamedia
338 _avolume
_bnc
_2rdacarrier
500 _aIncludes index.
504 _aIncludes bibliographical references.
650 1 _aHydraulic gates
_xDesign and construction.
700 _aPaulus, Tim.,
_aauthor.
907 _a.b10401842
_b07-05-21
_c07-05-21
003
005 20230123141154.0
942 _cBOOKS
_kTC169
_mDAN
999 _c168895
_d168895